Vplyv špecializácie klastrov na ekonomickú úroveň regiónov EÚ

Klaster ako forma podpory zvýšenia konkurencieschopnosti. Inovačné klastre v európskych regiónoch. Špecializácia klastrov a ekonomická prosperita regiónov.

Saved in:
Bibliographic Details
Main Author: Vaľovská, Zlata
Other Authors: Sedláková, Slavka
Format: Book Chapter
Language:Slovak
Subjects:
Tags: Add Tag
No Tags, Be the first to tag this record!

MARC

LEADER 00000naa a2200000 4500
001 0170049
005 20230918073117.1
041 0 |a slo 
044 |a SK 
245 1 0 |a Vplyv špecializácie klastrov na ekonomickú úroveň regiónov EÚ  |c Zlata Vaľovská, Slavka Sedláková 
520 |a Klaster ako forma podpory zvýšenia konkurencieschopnosti. Inovačné klastre v európskych regiónoch. Špecializácia klastrov a ekonomická prosperita regiónov. 
610 2 0 |a špecializácia 
610 2 0 |a klaster 
610 2 0 |a politika regionálna 
610 2 0 |a Slovensko 
610 2 0 |a Európska únia 
610 2 0 |a úroveň rozvoja hospodárskeho 
610 2 0 |a konkurencieschopnosť 
100 1 |a Vaľovská, Zlata 
700 1 |a Sedláková, Slavka